| Tag |
First Indicator |
Second Indicator |
Subfields |
| LEADER |
00000cam a2200000 4500 |
| 001 |
in00000033874 |
| 005 |
20151007063335.0 |
| 008 |
750930s1939 enk 00011 eng |
| 010 |
|
|
|a 39027378
|
| 035 |
|
|
|a (OCoLC)01666157
|
| 035 |
|
|
|9 AAD7162AM
|
| 040 |
|
|
|a DLC
|c DZM
|d TXA
|d UtOrBLW
|
| 049 |
|
|
|a TXAM
|c [89056]
|
| 050 |
0 |
0 |
|a PZ3.D748
|b Fr
|
| 090 |
|
|
|a PR6054.O84
|b F7 1939
|
| 092 |
|
|
|a 823
|b D738f
|
| 100 |
1 |
|
|a Douglas-Irvine, Helen.
|
| 245 |
1 |
0 |
|a Fray Mario /
|c by Helen Douglas Irvine; with a woodcut frontispiece by Clare Leighton.
|
| 264 |
|
1 |
|a London,
|a New York [etc.] :
|b Longmans, Green and co.,
|c 1939.
|
| 300 |
|
|
|a 3 pages ., 218 pages :
|b frontispiece ;
|c 19 cm.
|
| 336 |
|
|
|a text
|b txt
|2 rdacontent
|
| 337 |
|
|
|a unmediated
|b n
|2 rdamedia
|
| 338 |
|
|
|a volume
|b nc
|2 rdacarrier
|
| 500 |
|
|
|a "First edition."
|
| 600 |
1 |
0 |
|a Villegas y Hurtado de Mendoza, Micaela,
|d 1739-1819
|v Fiction.
|
| 999 |
|
|
|a MARS
|
| 999 |
f |
f |
|s 1c6d565c-67b4-3448-b9da-72b188bedc16
|i b7047b51-6c0d-388f-b2c0-a5bad6087c30
|t 0
|
| 952 |
f |
f |
|p ric
|a Texas A&M University
|b Rellis Campus
|c Joint Library Facility
|d Remote Storage
|t 0
|e PR6054.O84 F7 1939
|h Library of Congress classification
|i unmediated -- volume
|m A14801317041
|
| 998 |
f |
f |
|a PR6054.O84 F7 1939
|t 0
|l Remote Storage
|